|
|
|
|
| LEADER |
00000naa0a2200000 4500 |
| 001 |
598582 |
| 005 |
20250325150354.0 |
| 035 |
|
|
|a (RuTPU)RU\TPU\tpu\22241
|
| 035 |
|
|
|a RU\TPU\tpu\22240
|
| 090 |
|
|
|a 598582
|
| 100 |
|
|
|a 20121214d2003 k y0rusy50 ca
|
| 101 |
0 |
|
|a rus
|
| 102 |
|
|
|a RU
|
| 200 |
1 |
|
|a Расчет растворимости гексафторида урана в системах UF6-BRF3 и UF6-IF5 по уравнению Скетчарда-Гильдебранда
|f А. М. Тягельская, Г. Н. Амелина, И. И. Жерин
|
| 333 |
|
|
|a В фонде НТБ ТПУ отсутствует
|
| 461 |
|
|
|t Современные техника и технологии
|o IX Международная научно-практическая конференция студентов, аспирантов и молодых ученых, г. Томск, 7-11 апреля 2003 г.
|o труды : в 2 т.
|f Национальный исследовательский Томский политехнический университет (ТПУ)
|d 2003
|
| 463 |
|
|
|t Т. 2
|v С. 187-188
|d 2003
|
| 610 |
1 |
|
|a труды учёных ТПУ
|
| 700 |
|
1 |
|a Тягельская
|b А. М.
|
| 701 |
|
1 |
|a Амелина
|b Г. Н.
|c химик-технолог
|c доцент Томского политехнического университета, кандидат химических наук
|f 1963-
|g Галина Николаевна
|3 (RuTPU)RU\TPU\pers\27824
|4 070
|9 12862
|
| 701 |
|
1 |
|a Жерин
|b И. И.
|c российский химик
|c профессор Томского политехнического университета, доктор химических наук
|f 1955-
|g Иван Игнатьевич
|3 (RuTPU)RU\TPU\pers\25854
|4 070
|9 11723
|
| 801 |
|
1 |
|a RU
|b 63413507
|c 20121214
|
| 801 |
|
2 |
|a RU
|b 63413507
|c 20121214
|g RCR
|
| 942 |
|
|
|c BK
|